[Event "London Classic Open 2017"]
[Site "London ENG"]
[Date "2017.12.03"]
[Round "2.94"]
[White "Iyengar, Ilya"]
[Black "Chilton, James I"]
[Result "1/2-1/2"]
[WhiteElo "2044"]
[BlackElo "1772"]
[WhiteFideId "405949"]
[BlackFideId "423009"]
[EventDate "2017.12.02"]

1. d4 f5 2. g3 Nf6 3. Bg2 e6 4. c4 d5 5. Nh3 c6 6. O-O Bd6 7. Nc3 O-O 8. f3 Nbd7
9. Bf4 e5 10. dxe5 Bxe5 11. cxd5 Qb6+ 12. Kh1 Qxb2 13. dxc6 bxc6 14. Bxe5 Nxe5
15. Na4 Qa3 16. Qd4 Ba6 17. Qxe5 Qxa4 18. Qxf5 Rae8 19. Rfe1 Nd5 20. Qd7 Ne3 21.
Rac1 Qxa2 22. Ng1 Nxg2 23. Kxg2 Bxe2 24. Kh1 Bxf3+ 25. Nxf3 Rxe1+ 26. Rxe1 Rxf3
27. Qxc6 Qf2 28. Qe6+ Rf7 29. Qe8+ Rf8 30. Qe6+ Rf7 31. Qe8+ Rf8 32. Qe6+ 1/2-1/2

[Event "London Classic Open 2017"]
[Site "London ENG"]
[Date "2017.12.03"]
[Round "2.95"]
[White "Tivillier, Jacques"]
[Black "Campos Chacon, Marco"]
[Result "1/2-1/2"]
[WhiteElo "1751"]
[BlackElo "2040"]
[WhiteFideId "417254"]
[BlackFideId "32029217"]
[EventDate "2017.12.02"]

1. e4 e5 2. Nf3 Nc6 3. Bc4 Nf6 4. d3 Bc5 5. c3 d6 6. a4 a6 7. h3 h6 8. Nbd2 Ba7
9. Nf1 O-O 10. Ng3 Ne7 11. O-O Ng6 12. Re1 Bd7 13. d4 b5 14. axb5 axb5 15. Bf1
c5 16. Be3 Qc7 17. Qd2 Kh7 18. Ra3 Bb6 19. Rea1 Rxa3 20. Rxa3 Qb7 21. d5 Ra8 22.
Rxa8 Qxa8 23. b4 Qa7 24. Qb2 c4 25. Bxb6 Qxb6 26. Qd2 Qa7 27. Nh2 Ne7 28. Be2
Nc8 29. Nhf1 g6 30. Qe3 Qxe3 31. Nxe3 Nb6 32. Bd1 Kg7 33. f3 Ng8 1/2-1/2

[Event "London Classic Open 2017"]
[Site "London ENG"]
[Date "2017.12.03"]
[Round "2.96"]
[White "Prior, Stephen C V"]
[Black "Robinson, James"]
[Result "1-0"]
[WhiteElo "2037"]
[BlackElo "1754"]
[WhiteFideId "423378"]
[BlackFideId "426784"]
[EventDate "2017.12.02"]

1. c4 e5 2. Nc3 Nf6 3. g3 Nc6 4. Bg2 a6 5. e3 Bc5 6. Nge2 d6 7. O-O O-O 8. a3
Rb8 9. b4 Ba7 10. Bb2 Bf5 11. Nd5 Nd7 12. d3 Ne7 13. Rc1 c6 14. Nxe7+ Qxe7 15.
d4 Rbd8 16. b5 Nb8 17. Qb3 Qc7 18. a4 Nd7 19. Ba3 c5 20. d5 a5 21. Bb2 Rde8 22.
e4 Bg6 23. g4 Qd8 24. Ng3 b6 25. Qc3 f6 26. h4 Bb8 27. h5 Bf7 28. Nf5 h6 29. Qe3
Kh7 30. Rc3 Rh8 31. Bc1 Kg8 32. Qd2 Nf8 33. Rg3 Nh7 34. Qe2 Ng5 35. f4 exf4 36.
Bxf4 Qd7 37. Bxg5 fxg5 38. Rgf3 Rf8 39. Qf2 Bc7 40. e5 dxe5 41. d6 Bd8 42. Ne7+
Bxe7 43. dxe7 Qxe7 44. Rxf7 1-0

[Event "London Classic Open 2017"]
[Site "London ENG"]
[Date "2017.12.03"]
[Round "2.98"]
[White "Gudenas, Motiejus"]
[Black "Ainsworth, George"]
[Result "1-0"]
[WhiteElo "2023"]
[BlackElo "1734"]
[WhiteFideId "2405229"]
[BlackFideId "449636"]
[EventDate "2017.12.02"]

1. Nf3 c6 2. d4 d5 3. Bf4 Bf5 4. e3 Qb6 5. Qc1 e6 6. Be2 Nf6 7. h3 c5 8. O-O Nc6
9. c3 cxd4 10. exd4 Rc8 11. Nbd2 Be7 12. Nb3 Ne4 13. g4 Bg6 14. Ne5 a5 15. Nxc6
bxc6 16. Nd2 c5 17. Nxe4 Bxe4 18. dxc5 Bxc5 19. Qd2 d4 20. Be5 dxc3 21. Bxc3 Qb7
22. Bxg7 Bh1 23. Bb5+ Rc6 24. Kxh1 Ke7 25. Qg5+ Kd6 26. Be5+ Kd7 27. Bxc6+ Qxc6+
28. Kh2 Rf8 29. Rfd1+ Kc8 30. Rac1 Kb7 31. Qd2 1-0

[Event "London Classic Open 2017"]
[Site "London ENG"]
[Date "2017.12.03"]
[Round "2.99"]
[White "Dias, Savin"]
[Black "Wilks, Simon"]
[Result "1/2-1/2"]
[WhiteElo "1723"]
[BlackElo "2022"]
[WhiteFideId "442399"]
[BlackFideId "427357"]
[EventDate "2017.12.02"]

1. e4 c6 2. d4 d5 3. Nc3 dxe4 4. Nxe4 Bf5 5. Ng3 Bg6 6. Nf3 Nd7 7. h4 h6 8. h5
Bh7 9. Bd3 Bxd3 10. Qxd3 e6 11. Bd2 Ngf6 12. O-O-O Be7 13. Ne4 Qb6 14. Nxf6+
Nxf6 15. Ne5 Rd8 16. c3 Qa5 17. Qc4 O-O 18. f3 Qd5 19. Qxd5 Rxd5 20. g4 Nd7 21.
Nxd7 Rxd7 22. Rhe1 b5 23. Be3 a5 24. Kc2 Rfd8 25. Rd2 Rd5 26. Bf4 b4 27. Re5
bxc3 28. bxc3 c5 29. Rxd5 Rxd5 30. dxc5 Rxc5 31. Bd6 Bxd6 32. Rxd6 Kf8 33. Rd4
Ke7 34. c4 g6 35. hxg6 fxg6 36. Kd3 Kf6 37. Rd8 h5 38. Kd4 Rg5 39. gxh5 gxh5 40.
c5 Rd5+ 41. Rxd5 exd5 42. f4 h4 43. c6 Ke7 44. f5 h3 45. f6+ Kxf6 46. c7 h2 47.
c8=Q h1=Q 48. Qd8+ 1/2-1/2

[Event "London Classic Open 2017"]
[Site "London ENG"]
[Date "2017.12.03"]
[Round "2.100"]
[White "Miller, Dominic"]
[Black "Islam, Mohammed"]
[Result "1-0"]
[WhiteElo "2018"]
[BlackElo "1731"]
[WhiteFideId "438065"]
[BlackFideId "10211870"]
[EventDate "2017.12.02"]

1. e4 e5 2. Nf3 Nc6 3. Bb5 a6 4. Ba4 Nf6 5. O-O b5 6. Bb3 Be7 7. Re1 O-O 8. h3
d6 9. c3 Nb8 10. d4 Nbd7 11. c4 exd4 12. Nxd4 Bb7 13. Nc3 Nc5 14. Qc2 b4 15. Nd5
Nxd5 16. cxd5 Bf6 17. Nf5 Re8 18. Bc4 Bc8 19. Ng3 g6 20. Be3 Bd7 21. Kh2 a5 22.
f4 Bh4 23. Bd4 Ba4 24. b3 Bd7 25. Re3 f5 26. e5 a4 27. Rf1 axb3 28. axb3 Bxg3+
29. Kxg3 Ne4+ 30. Kh2 Bc8 31. e6 Bb7 32. g4 c6 33. dxc6 d5 34. cxb7 Ra3 35. gxf5
gxf5 36. Qg2+ 1-0

[Event "London Classic Open 2017"]
[Site "London ENG"]
[Date "2017.12.03"]
[Round "2.101"]
[White "Espinosa Cancino, Monica"]
[Black "Pollack, Oscar"]
[Result "1-0"]
[WhiteElo "1721"]
[BlackElo "2014"]
[WhiteFideId "22253025"]
[BlackFideId "429414"]
[EventDate "2017.12.02"]

1. d4 Nf6 2. Nf3 c5 3. e3 b6 4. Be2 Bb7 5. O-O e6 6. b3 Be7 7. Bb2 O-O 8. c4
cxd4 9. Nxd4 Na6 10. Nc3 Nc5 11. Bf3 Bxf3 12. Nxf3 Rc8 13. Qe2 Qc7 14. e4 Qb7
15. Rfe1 d6 16. Rad1 a6 17. e5 dxe5 18. Nxe5 Rfd8 19. f3 h6 20. Rd2 Rxd2 21.
Qxd2 Rd8 22. Qe2 Nfd7 23. Ng4 Nf8 24. Nf2 Ng6 25. Rd1 Qc7 26. Rxd8+ Qxd8 27. Qd1
Qxd1+ 28. Ncxd1 Nf4 29. Kf1 Ncd3 30. Nxd3 Nxd3 31. Ke2 Nxb2 32. Nxb2 Kf8 33. Na4
b5 34. cxb5 axb5 35. Nc3 b4 36. Na4 Ke8 37. Kd3 Kd7 38. Kc4 Kc6 39. Nb2 Kb6 40.
Nd3 Ka5 41. Ne5 Bd6 42. Nc6+ Kb6 43. Nxb4 Bxh2 44. Nd3 h5 45. b4 g5 46. a4 f5
47. a5+ Ka7 48. Nc5 e5 49. b5 g4 50. b6+ Ka8 51. a6 gxf3 52. gxf3 h4 53. Kb5 h3
54. a7 e4 55. Ka6 1-0

[Event "London Classic Open 2017"]
[Site "London ENG"]
[Date "2017.12.03"]
[Round "2.102"]
[White "Ditmas, Hugh"]
[Black "Jaufarally, Nadia"]
[Result "1-0"]
[WhiteElo "2004"]
[BlackElo "1723"]
[WhiteFideId "1270666"]
[BlackFideId "443727"]
[EventDate "2017.12.02"]

1. d4 Nf6 2. c4 g6 3. Nc3 Bg7 4. e4 d6 5. Be2 O-O 6. Nf3 e5 7. O-O Nc6 8. d5 Ne7
9. Ne1 Nd7 10. f3 f5 11. g4 f4 12. h4 a5 13. Ng2 Nc5 14. b3 Bd7 15. Bd2 c6 16.
Be1 cxd5 17. cxd5 b5 18. Bf2 b4 19. Nb1 Nc8 20. Nd2 Nb6 21. Rc1 Rc8 22. Nc4 Nxc4
23. Bxc4 Bf6 24. Qd2 Rf7 25. Rc2 Qb6 26. Rfc1 Bd8 27. Kf1 Qa7 28. Ne1 Bb6 29.
Qe2 Ra8 30. Nd3 Nxd3 31. Bxd3 Bxf2 32. Qxf2 Qxf2+ 33. Kxf2 Rff8 34. Ke2 Rfc8 35.
Rc7 Kf8 36. Ba6 Rxc7 37. Rxc7 Ke8 38. Bd3 Kd8 39. Rc1 Rc8 40. Rxc8+ Kxc8 41.
Ba6+ Kc7 42. Kd3 Kb6 43. Bc4 h5 44. gxh5 gxh5 45. Kd2 Bh3 46. Be2 Kc5 47. Ba6
Kd4 48. Bb5 Bg2 49. Ke2 Kc3 50. Be8 Kb2 51. Bxh5 Kxa2 52. Be8 Kxb3 53. h5 Ka3
54. Bb5 b3 55. h6 Bh3 56. h7 Bd7 57. Bd3 Kb2 58. h8=Q a4 59. Kd2 1-0

[Event "London Classic Open 2017"]
[Site "London ENG"]
[Date "2017.12.03"]
[Round "2.103"]
[White "Gu, In Jung"]
[Black "Kobas, Mihael"]
[Result "1-0"]
[WhiteElo "1664"]
[BlackElo "2001"]
[WhiteFideId "13200232"]
[BlackFideId "14537133"]
[EventDate "2017.12.02"]

1. e4 c5 2. Nf3 d6 3. d4 cxd4 4. Nxd4 Nf6 5. Nc3 a6 6. g3 e5 7. Nb3 Be6 8. Bg2
Be7 9. O-O O-O 10. h3 Nbd7 11. Be3 Rc8 12. a4 Nb6 13. Bxb6 Qxb6 14. a5 Qc7 15.
f4 exf4 16. gxf4 Bxb3 17. cxb3 Qc5+ 18. Kh2 Bd8 19. Qe2 Bxa5 20. Rfc1 Bxc3 21.
Rxc3 Qb6 22. Rg3 Rfe8 23. Rg1 g6 24. f5 Qd4 25. fxg6 hxg6 26. Re1 Qe5 27. Bf3
Kg7 28. Qg2 Rh8 29. Kh1 Rc2 30. Re2 Rxe2 31. Bxe2 Qxe4 32. Qxe4 Nxe4 33. Re3 Re8
34. Kg2 f5 35. Bc4 Re5 36. Rd3 Kf6 37. b4 Ke7 38. Bd5 b6 39. h4 Nf6 40. Bf3 Rb5
41. Rd4 a5 42. Rc4 Rxb4 43. Rxb4 axb4 44. Kf2 Ke6 45. Ke3 Ke5 46. Bc6 d5 47. Bb5
Ng8 48. Be2 Ne7 49. Bb5 f4+ 50. Kf3 Nf5 51. Kg4 f3 52. Bd3 f2 53. Kg5 d4 54. b3
Kd5 55. h5 f1=Q 56. Bxf1 Ke6 57. Bh3 d3 58. hxg6 d2 59. Bxf5+ Ke7 60. Bg4 Kf8
61. Kh6 1-0

[Event "London Classic Open 2017"]
[Site "London ENG"]
[Date "2017.12.03"]
[Round "2.104"]
[White "Munshi, Aditya"]
[Black "Cotter, Len"]
[Result "1-0"]
[WhiteElo "2001"]
[BlackElo "1700"]
[WhiteFideId "436720"]
[BlackFideId "431419"]
[EventDate "2017.12.02"]

1. e4 c5 2. Nf3 d6 3. Bb5+ Bd7 4. Bxd7+ Qxd7 5. c4 Nf6 6. Nc3 Nc6 7. d4 cxd4 8.
Nxd4 e6 9. Be3 Be7 10. O-O O-O 11. Qe2 a6 12. Rad1 Qc7 13. b3 Nxd4 14. Bxd4 Rad8
15. f4 d5 16. cxd5 exd5 17. Bxf6 Bxf6 18. Nxd5 Qc5+ 19. Kh1 Be7 20. b4 Qd6 21.
e5 Qd7 22. Nf6+ gxf6 23. Rxd7 Rxd7 24. Qg4+ 1-0

[Event "London Classic Open 2017"]
[Site "London ENG"]
[Date "2017.12.03"]
[Round "2.105"]
[White "Thatte, Nishchal"]
[Black "Busse, Tom Niklas"]
[Result "0-1"]
[WhiteElo "1617"]
[BlackElo "1996"]
[WhiteFideId "447234"]
[BlackFideId "12981605"]
[EventDate "2017.12.02"]

1. e4 c6 2. d4 d5 3. Nd2 dxe4 4. Nxe4 Nd7 5. Bd3 Ngf6 6. Ng5 e6 7. Ne2 Bd6 8.
O-O Qc7 9. Nf3 O-O 10. c4 e5 11. Ng3 exd4 12. Nxd4 Nc5 13. Bc2 Bg4 14. f3 Bh5
15. Ndf5 Rad8 16. Nxd6 Rxd6 17. Bf4 Rxd1 18. Bxc7 Rd2 19. Rf2 Rd7 20. Be5 Bg6
21. Nf5 Nd3 22. Bd6 Nxf2 23. Ne7+ Rxe7 24. Bxg6 Rfe8 25. Bxe7 Rxe7 26. Bf5 g6
27. Bc2 Re2 28. Rf1 Rxc2 29. Rxf2 Rc1+ 30. Rf1 Rxc4 31. Rd1 Rc2 32. Rd8+ Kg7 33.
Ra8 Rxb2 34. Rxa7 c5 35. Ra5 b6 36. Ra8 c4 37. Rc8 b5 38. Rc5 Nd7 39. Rc7 Ne5
40. h3 Rxa2 41. Rc5 Nd3 42. Rc6 Rc2 43. Rc7 b4 44. Rb7 b3 45. Rb6 b2 46. Kh2 Rc1
47. Rb5 b1=Q 48. Rxb1 Rxb1 49. Kg3 c3 50. Kh4 c2 51. Kg4 c1=Q 52. g3 f5+ 53. Kh4
Qh6# 0-1

[Event "London Classic Open 2017"]
[Site "London ENG"]
[Date "2017.12.03"]
[Round "2.106"]
[White "Riedener, Toni"]
[Black "Dror, Levi"]
[Result "1-0"]
[WhiteElo "1989"]
[BlackElo "1677"]
[WhiteFideId "1302698"]
[BlackFideId "2809583"]
[EventDate "2017.12.02"]

1. d4 Nf6 2. c4 g6 3. Nc3 Bg7 4. e4 d6 5. Be2 O-O 6. Bg5 c5 7. d5 Nbd7 8. Qd2 a6
9. a4 Qa5 10. Ra3 Qb4 11. a5 b5 12. Nf3 bxc4 13. O-O Re8 14. Qc2 Ng4 15. Bd2 Rb8
16. Nd1 c3 17. Rxc3 Bxc3 18. Bxc3 Qb3 19. Qd2 Nde5 20. Nxe5 Nxe5 21. f4 Nd7 22.
Rf3 Qa4 23. Bd3 Nf8 24. Rg3 Qd7 25. f5 e5 26. dxe6 fxe6 27. Bc4 Qe7 28. Qh6 Qf7
29. Ne3 Rb4 30. Rf3 d5 31. fxg6 Qxg6 32. Rg3 1-0

[Event "London Classic Open 2017"]
[Site "London ENG"]
[Date "2017.12.03"]
[Round "2.107"]
[White "Lee, Chulwoo"]
[Black "Skutta, Bernd"]
[Result "0-1"]
[WhiteElo "1607"]
[BlackElo "1988"]
[WhiteFideId "34117277"]
[BlackFideId "4666950"]
[EventDate "2017.12.02"]

1. e4 d6 2. d4 Nf6 3. Nc3 Nbd7 4. Nf3 e5 5. dxe5 dxe5 6. a3 Be7 7. Bd3 O-O 8.
O-O c6 9. b4 Qc7 10. Bb2 Re8 11. h3 Nf8 12. Ne2 Ng6 13. Bc1 h6 14. Bd2 Be6 15.
Qc1 Rad8 16. Kh1 Nh5 17. Nfg1 Nhf4 18. Nxf4 Nxf4 19. Bxf4 exf4 20. f3 Bf6 21.
Rb1 Ba2 22. Rb2 Bxb2 23. Qxb2 Be6 24. Ne2 g5 25. Qf6 Qe7 26. Qxh6 f6 27. h4 Qg7
28. hxg5 fxg5 29. Qh5 Bf7 30. Qg4 Rd6 31. Qf5 Rh6+ 32. Kg1 Be6 33. Qc5 Bf7 34.
Qxa7 Qh8 35. Kf2 Rh2 36. Rg1 Qh4+ 37. Kf1 b5 38. Nd4 Qh6 39. Qd7 Qf6 40. Nxc6
Qa1+ 41. Kf2 Qc3 42. Rd1 Rh6 43. Nd8 Bg6 44. Bxb5 Qe3+ 0-1

[Event "London Classic Open 2017"]
[Site "London ENG"]
[Date "2017.12.03"]
[Round "2.108"]
[White "Boger, Raymond"]
[Black "Sheedy, Shane"]
[Result "1-0"]
[WhiteElo "1986"]
[BlackElo "1620"]
[WhiteFideId "1507419"]
[BlackFideId "2507536"]
[EventDate "2017.12.02"]

1. c4 Nf6 2. g3 g6 3. Bg2 Bg7 4. Nc3 O-O 5. e4 d6 6. d3 c5 7. Nge2 Nc6 8. O-O
Bg4 9. f3 Bd7 10. Be3 Qc8 11. Qd2 Bh3 12. f4 Bxg2 13. Kxg2 Ng4 14. Bg1 f5 15.
Rae1 b6 16. b3 Qd7 17. d4 Rad8 18. d5 Nb4 19. a3 Na6 20. h3 Nh6 21. e5 e6 22.
Rd1 Nf7 23. Rfe1 dxe5 24. fxe5 Bxe5 25. Be3 exd5 26. Nxd5 Nc7 27. Nf6+ Bxf6 28.
Qxd7 Rxd7 29. Rxd7 Re8 30. Nf4 Re7 31. Rxe7 Bxe7 32. Nd5 Nxd5 33. cxd5 Nd6 34.
Bxc5 Kf7 35. Bxd6 Bxd6 36. b4 g5 37. Re6 Bb8 38. Rh6 Kg7 39. Rc6 1-0

[Event "London Classic Open 2017"]
[Site "London ENG"]
[Date "2017.12.03"]
[Round "2.109"]
[White "Haddock, Paul"]
[Black "Kim, Jinsoo"]
[Result "0-1"]
[WhiteElo "1576"]
[BlackElo "1986"]
[WhiteFideId "419150"]
[BlackFideId "13202405"]
[EventDate "2017.12.02"]

1. e4 c5 2. d4 cxd4 3. c3 g6 4. cxd4 d5 5. e5 Bg7 6. f4 Nh6 7. Nf3 O-O 8. Bd3
Nc6 9. Nc3 Bg4 10. Be3 e6 11. h3 Bxf3 12. Qxf3 f6 13. Qe2 fxe5 14. fxe5 Nf5 15.
Bxf5 Rxf5 16. O-O-O a6 17. g4 Rf7 18. h4 b5 19. g5 Qa5 20. a3 b4 21. axb4 Nxb4
22. Kb1 Rb8 23. h5 Rc7 24. Qd2 Nd3 25. Qxd3 Rxc3 26. Qd2 Qa3 27. hxg6 Rxe3 28.
Rxh7 Rxb2+ 29. Qxb2 Rb3 30. Qxb3 Qxb3+ 0-1

[Event "London Classic Open 2017"]
[Site "London ENG"]
[Date "2017.12.03"]
[Round "2.110"]
[White "Misyura, Ilya"]
[Black "Cheung, Ryan"]
[Result "1-0"]
[WhiteElo "1983"]
[BlackElo "1610"]
[WhiteFideId "434183"]
[BlackFideId "1804995"]
[EventDate "2017.12.02"]

1. d4 Nf6 2. c4 e6 3. Nc3 Bb4 4. e3 c5 5. a3 Bxc3+ 6. bxc3 O-O 7. Bd3 Nc6 8. Ne2
d6 9. O-O e5 10. d5 Ne7 11. Ng3 Ng6 12. f3 Ne8 13. Nf5 Qf6 14. Qc2 h6 15. g3 Ne7
16. Nh4 g5 17. Ng2 Bf5 18. e4 Bg6 19. Qa4 Nc8 20. Qd7 Qe7 21. Qh3 Kh7 22. f4
exf4 23. gxf4 f6 24. fxg5 fxg5 25. Rxf8 Qxf8 26. Bxg5 Qg7 27. Kh1 Nb6 28. Nf4
Nxc4 29. Ne6 Qxc3 30. Qxh6+ Kg8 31. Qxg6+ Kh8 32. Qh6+ Kg8 33. Rg1 1-0

[Event "London Classic Open 2017"]
[Site "London ENG"]
[Date "2017.12.03"]
[Round "2.111"]
[White "Lee, Kyung Chan"]
[Black "Burke, John S"]
[Result "1/2-1/2"]
[WhiteElo "1552"]
[BlackElo "1978"]
[WhiteFideId "13205048"]
[BlackFideId "404322"]
[EventDate "2017.12.02"]

1. e4 d5 2. exd5 Qxd5 3. Nc3 Qd8 4. d4 c6 5. Nf3 Bf5 6. Bc4 e6 7. O-O Nf6 8. Re1
Be7 9. Be3 O-O 10. h3 Nbd7 11. Nh4 Bg6 12. Nxg6 hxg6 13. Ne2 Nb6 14. Bb3 Nbd5
15. c4 Nxe3 16. fxe3 Qa5 17. Nc3 Qg5 18. Qf3 Bd6 19. e4 Qh4 20. Rad1 e5 21. c5
Be7 22. dxe5 Bxc5+ 23. Kh2 Nh7 24. Rf1 Qe7 25. Qg3 Bb6 26. Qxg6 Qxe5+ 27. Kh1
Bc7 28. g3 Ng5 29. Rf4 Ne6 30. Bxe6 Qxe6 31. Qxe6 fxe6 32. Rxf8+ Rxf8 33. Kg2
Rd8 34. Rxd8+ Bxd8 35. b3 Bf6 36. Ne2 Kf7 37. Kf3 Be5 38. Ke3 Ke7 39. Kd3 Kd6
40. g4 g5 41. Ng1 b5 42. Nf3 Bf4 43. Kd4 c5+ 44. Kc3 Be5+ 45. Kd3 Bf4 46. Kc3 1/2-1/2

[Event "London Classic Open 2017"]
[Site "London ENG"]
[Date "2017.12.03"]
[Round "2.112"]
[White "Lie, Terje"]
[Black "Bansal, Rohan"]
[Result "0-1"]
[WhiteElo "1527"]
[BlackElo "1971"]
[WhiteFideId "1504916"]
[BlackFideId "425052"]
[EventDate "2017.12.02"]

1. d4 e6 2. c4 Nf6 3. Nf3 b6 4. e3 Bb7 5. Be2 Be7 6. O-O O-O 7. Qc2 Ne4 8. Nc3
f5 9. d5 Nxc3 10. Qxc3 exd5 11. cxd5 Bxd5 12. Bc4 Bxc4 13. Qxc4+ d5 14. Qc2 Bd6
15. b3 Qe8 16. Bb2 Qh5 17. Be5 Bxe5 18. Nxe5 c5 19. f4 Qe8 20. Rad1 Nc6 21. Qc3
Nxe5 22. fxe5 Qe6 23. g3 Rad8 24. a4 Rfe8 25. Qd3 g6 26. Rde1 Qxe5 27. Kf2 Qe4
28. Qc3 a5 29. Re2 d4 30. Qc4+ Kg7 31. exd4 Qxe2+ 32. Qxe2 Rxe2+ 33. Kxe2 Rxd4
34. h4 Kf6 35. Ke3 Rb4 36. Rb1 c4 37. Kd4 cxb3+ 38. Kc3 Rg4 39. Kxb3 Rb4+ 40.
Kc2 Rxb1 41. Kxb1 Ke5 42. Kc2 Kd4 43. Kd2 h6 44. Ke2 Ke4 45. Kf2 g5 46. h5 g4
47. Ke2 f4 48. gxf4 Kxf4 49. Kf2 Kg5 50. Kg2 Kxh5 51. Kh2 Kg5 52. Kg2 h5 0-1

[Event "London Classic Open 2017"]
[Site "London ENG"]
[Date "2017.12.03"]
[Round "2.113"]
[White "Edwards, Simon R"]
[Black "Parry, Jacques"]
[Result "1/2-1/2"]
[WhiteElo "1966"]
[BlackElo "1596"]
[WhiteFideId "406821"]
[BlackFideId "425923"]
[EventDate "2017.12.02"]

1. e4 c5 2. Nc3 Nc6 3. f4 g6 4. Nf3 Bg7 5. Bb5 Nd4 6. O-O e6 7. d3 Ne7 8. Nxd4
cxd4 9. Ne2 O-O 10. Qe1 Nc6 11. Qf2 Qb6 12. Ba4 d6 13. Bb3 Na5 14. Ng3 Nxb3 15.
axb3 Qc5 16. Qd2 Bd7 17. b4 Qc8 18. Ra3 b6 19. Kh1 a5 20. bxa5 Rxa5 21. Rxa5
bxa5 22. Rf2 Qc5 23. Ne2 Rc8 24. Ng1 Ba4 25. b3 Bxb3 26. cxb3 Qxc1 27. Qe2 Qb1
28. Rf1 Qxb3 29. f5 Rc2 30. Qf3 exf5 31. exf5 gxf5 32. Qa8+ Bf8 33. Qxa5 Rc5 34.
Qd8 Qe6 35. Nf3 Qc8 36. Qg5+ Bg7 37. Nxd4 h6 38. Qf4 Bxd4 39. Qxd4 Rc1 40. Qf2 1/2-1/2

[Event "London Classic Open 2017"]
[Site "London ENG"]
[Date "2017.12.03"]
[Round "2.114"]
[White "Perez Bolanos, Joel"]
[Black "Ifalore, Michael"]
[Result "0-1"]
[WhiteElo "1519"]
[BlackElo "1962"]
[WhiteFideId "24564419"]
[BlackFideId "436356"]
[EventDate "2017.12.02"]

1. e4 e5 2. Nf3 Nc6 3. Bc4 Nf6 4. d3 Bc5 5. c3 O-O 6. O-O a6 7. Nbd2 d6 8. h3
Be6 9. Re1 Ba7 10. Bb3 h6 11. Bc2 Ne7 12. Nf1 Ng6 13. Be3 Bxe3 14. fxe3 c6 15.
d4 Qb6 16. Qd2 Rad8 17. Ng3 Rfe8 18. Nf5 Bc8 19. Rad1 d5 20. exd5 e4 21. N3h4
Nxh4 22. Nxh4 g5 23. Rf1 cxd5 24. Nf5 Bxf5 25. Rxf5 Nh5 26. Bb3 Qc6 27. Qf2 Rf8
28. Rf1 Rd7 29. g4 Ng7 30. Rf6 Qc7 31. Rxh6 f5 32. gxf5 Rxf5 33. Qg2 Rxf1+ 34.
Kxf1 Rf7+ 35. Ke2 Qd7 36. Qxg5 Rf5 37. Qg4 Qb5+ 38. Kd2 Qd3+ 39. Kc1 Rf1+ 40.
Bd1 Qxe3+ 41. Kb1 Qxh6 0-1

[Event "London Classic Open 2017"]
[Site "London ENG"]
[Date "2017.12.03"]
[Round "2.115"]
[White "Rogacewicz, Mikolaj"]
[Black "Rushbrooke, Tibo"]
[Result "1-0"]
[WhiteElo "1961"]
[BlackElo "1570"]
[WhiteFideId "21842981"]
[BlackFideId "433900"]
[EventDate "2017.12.02"]

1. d4 f5 2. Nf3 Nf6 3. g3 e6 4. Bg2 Be7 5. O-O O-O 6. c4 d6 7. Nc3 a5 8. b3 Qe8
9. Bb2 Nc6 10. d5 Nb8 11. dxe6 Bxe6 12. Nd4 Bc8 13. Ndb5 Na6 14. Qd2 Qh5 15.
Rad1 Rb8 16. Nd5 Nxd5 17. Bxd5+ Kh8 18. Qxa5 f4 19. Qd2 Bg4 20. Nc3 Rf6 21. h4
c6 22. Bf3 Rbf8 23. Ne4 Rh6 24. Qc3 Rg6 25. Bxg4 Rxg4 26. f3 Rg6 27. Kg2 Bxh4
28. Rh1 d5 29. cxd5 cxd5 30. Qa5 Rf5 31. Qc3 h6 32. Kf1 dxe4 33. Rxh4 Qg5 34.
Rg4 Qh5 35. Rd8+ Kh7 36. Qxg7+ Rxg7 37. Rxg7# 1-0

[Event "London Classic Open 2017"]
[Site "London ENG"]
[Date "2017.12.03"]
[Round "2.116"]
[White "Stoyanov, Viktor"]
[Black "Barlov, Alex"]
[Result "1-0"]
[WhiteElo "1950"]
[BlackElo "1502"]
[WhiteFideId "450308"]
[BlackFideId "446602"]
[EventDate "2017.12.02"]

1. d4 d5 2. Nf3 Nf6 3. c4 e6 4. g3 c5 5. Bg2 Nc6 6. cxd5 exd5 7. O-O Be7 8. Nc3
O-O 9. Be3 cxd4 10. Nxd4 Bg4 11. Rc1 Qd7 12. Nxc6 bxc6 13. Na4 Bh3 14. Qd4 Bxg2
15. Kxg2 Ng4 16. Bf4 Bf6 17. Qc5 Rac8 18. h3 Ne5 19. Rfd1 Qf5 20. Qc2 Qxc2 21.
Rxc2 Rfe8 22. b3 Nd7 23. Be3 a6 24. Bc1 h6 25. Ba3 Re6 26. e3 Ne5 27. Rxd5 cxd5
28. Rxc8+ Kh7 29. Nc5 Rb6 30. Bb2 a5 31. Bxe5 Bxe5 32. Nd7 Rb4 33. Nxe5 f6 34.
Nd3 Rb7 35. Rc5 a4 36. bxa4 Ra7 37. a5 Rd7 38. f4 d4 39. e4 Kg8 40. Kf3 1-0

[Event "London Classic Open 2017"]
[Site "London ENG"]
[Date "2017.12.03"]
[Round "2.117"]
[White "Frank, Tena"]
[Black "Perez Bolanos, David"]
[Result "1/2-1/2"]
[WhiteTitle "WFM"]
[WhiteElo "1944"]
[BlackElo "1496"]
[WhiteFideId "4624297"]
[BlackFideId "24564400"]
[EventDate "2017.12.02"]

1. d4 Nf6 2. c4 e6 3. Nc3 Bb4 4. e3 O-O 5. Ne2 Re8 6. a3 Bf8 7. Ng3 d5 8. cxd5
exd5 9. Bd3 c6 10. O-O b6 11. Re1 Ba6 12. b4 Bxd3 13. Qxd3 g6 14. Re2 Bg7 15. a4
a6 16. Rc2 Ra7 17. Bb2 Rae7 18. b5 axb5 19. axb5 c5 20. dxc5 bxc5 21. Ba3 c4 22.
Qd1 Rd7 23. Bc5 Ne4 24. Bd4 Nxc3 25. Bxc3 Bxc3 26. Rxc3 d4 27. exd4 Rxd4 28. Qc2
Rd2 29. Qc1 Qd4 30. Rf3 Rd8 31. h3 Rd1+ 32. Qxd1 Qxd1+ 33. Rxd1 Rxd1+ 34. Kh2
Rb1 1/2-1/2

[Event "London Classic Open 2017"]
[Site "London ENG"]
[Date "2017.12.03"]
[Round "2.118"]
[White "Hung, Dylan"]
[Black "Khalifa, Ramy"]
[Result "0-1"]
[WhiteElo "1400"]
[BlackElo "1939"]
[WhiteFideId "426423"]
[BlackFideId "10626840"]
[EventDate "2017.12.02"]

1. c4 e5 2. g3 Nc6 3. Bg2 f5 4. Nc3 Nf6 5. d3 Bc5 6. e3 O-O 7. Nf3 d6 8. O-O Qe8
9. Ne1 a6 10. a3 h6 11. Nc2 a5 12. d4 Bb6 13. Rb1 e4 14. b4 axb4 15. axb4 Ne7
16. c5 dxc5 17. dxc5 Ba7 18. Ra1 Bd7 19. Nd4 b6 20. Qb3+ Kh8 21. Ne6 Bxe6 22.
Qxe6 bxc5 23. bxc5 Bxc5 24. Rxa8 Qxa8 25. Bb2 Rb8 26. Ra1 Qb7 27. Rb1 Qb3 28.
Qxb3 Rxb3 29. Na4 Ba3 30. Bf1 Ned5 31. Bc4 Rb4 0-1